00526 2200193 4500001002100000005001500021035002000036008004100056245004400097100002400141250002000165260004100185300002700226020001800253082001000271084001600281650002100297990001400318INLIS00000000000043320250604021135 a0010-0625000131250604 j 1 ind 1 aSahabat Matahari /cAgnes Yani Sardjono aAgnes Yani Sardjono aCetakan pertama aJakarta :bPT Penebar Swadaya,c2008 a54 :bIlus ;c15x21 cm a979-002-271-9 a028.5 a028.5 AGN s 4aSahabat Matahari a0716/2024